000 00596nam a2200205 i 4500
001 C2-0283645
003 PPAK
005 20180728013632.0
008 071121s2007 my |||| ||||| | may d
040 _aPPAK
_beng
_cPPAK
_erda
082 0 4 _a959.5112
_223
090 0 0 _a959.5112
_bBEN
_dKK
245 0 0 _aLaporan bengkel pengumpulan dan pengendalian bahan sejarah tempatan
264 1 _aPahang :
_bPerbadanan Perpustakaan Awam Pahang ,
_c2007
300 _a39 pages ;
_c30 cm
336 _2rdacontent
_atext
337 _2rdamedia
_aunmediated
338 _2rdacarrier
_avolume
942 _ddc
_cB
999 _c89667
_d89667